000 01335cam a2200337 4500
008 031118n2003 000 0 eng u
020 _a1871158303
035 _a(Sirsi) u124364
041 _aeng
050 _a711.1
_c18
100 _aBaker, Mark W.
245 _aTown and country planning in England
_bpowers and procedures
260 _aForfar
_bHillside Publishing (Dundee)
_c2003
300 _a150p.
_c30cm
350 _a21.50
520 _aComprehensive coverage of Town and Country Planning is provided by chapters on development plans, control of development, conservation controls, appeals and enquiries, enforcement, compulsory purchase and compensation, miscellaneous planning powers and planning related controls. Presented with procedural notes following an initial description of the subject.
650 _aTOWN AND COUNTRY PLANNING
650 _aLOCAL DEVELOPMENT PLANS
650 _aDEVELOPMENT CONTROL
650 _aCONSERVATION CONTROLS
650 _aPLANNING APPEALS
650 _aPLANNING INQUIRIES
650 _aPLANNING ENFORCEMENT
650 _aCompulsory purchase
_96228
650 _aCOMPENSATION
650 _aPLANNING POWERS
650 _aPLANNING CONTROLS
690 _aENVIRONMENTAL AND LAND CONSULTANCY-PLANNING AND DEVELOPMENT
700 _aHenderson, Ross C.
942 _n0
999 _c103217
_d103217